Tournois du circuit WTT - Tennis de Table (2025) - Statistiques

Statistiques générales
  • Ce quiz a été pris 51 fois
  • Le résultat moyen est 11 sur 25
Statistiques - réponses
Type de tournoi Ville organisatrice % Correct
Montpellier
92%
Pékin
82%
WTT Smash Singapour
79%
Malmö
77%
Las Vegas
74%
Macao
56%
Ljubljana
54%
WTT Star Contender Doha
51%
Francfort
51%
WTT Finals Hong Kong
49%
Londres
46%
Yokohama
44%
Buenos Aires
41%
Tunis
38%
WTT Champions Chongqing
36%
Muscat
31%
WTT Contender Muscat
31%
Zagreb
31%
Chennai
28%
Incheon
26%
Lagos
26%
Skopje
23%
Foz do Igaçu
21%
Almaty
18%
Taiyuan
13%
Aucun quiz correspondant
Distribution des résultats
% des personnes avec chaque résultat
Percentile par nombre de réponses
Votre historique - résultats
Vous n’avez pas pris ce quiz